| 000 | 00917cam a2200253 4500 | ||
|---|---|---|---|
| 001 | ABS62556 | ||
| 008 | 000000n2000 000 0 eng u | ||
| 035 | _a(Sirsi) u107630 | ||
| 100 | _aHolmes, P. | ||
| 245 | _aOne rule for them... | ||
| 260 | _c2000 | ||
| 490 |
_aBuilding _v27(8144) 7 July 2000, 72-73(2) |
||
| 520 | _aPoints out the disparity between the way contractors and consultants are treated over delays. If a contractor fails to meet completion date its get charged with liquidated damages, whereas if a consultant is late it is harder to obtain damages. Argues that consultants and contractors should be treated the same. | ||
| 590 | _aABS | ||
| 650 | _aDELAYS | ||
| 650 | _aLIQUIDATED DAMAGES | ||
| 650 | _aEXTENSION OF TIME | ||
| 650 | _aDESIGN AND BUILD | ||
| 650 | _aCONTRACTORS | ||
| 650 | _aCONSULTANTS | ||
| 650 | _aCOMPLETION DATE | ||
| 690 | _aBUILT ENVIRONMENT | ||
| 942 | _n0 | ||
| 999 |
_c64309 _d64309 |
||